00517 2200217 4500001002100000005001500021035002000036008004100056245007000097100001700167250000600184260002800190300000900218022000600227024000600233084001400239082000800253650001700261863001300278990000800291INLIS00000000000019320200207111707 a0010-0919000013200207 0 ind 1 aIkhtisar Kesusastraan Indonesia 1 :bKesusastraan /cRahardjo, BA aRahardjo, BA a1 aJakarta :bWarga,c1986 c21cm a0 a0 a804 RAH i a804 4aKesusastraan a02-03-09 a180